Las torres de nuremberg /

Guardado en:
Autor Principal: Tallón, José Sebastián
Otros Autores: Viano, Víctor; il.
Formato: Libro
Publicado: Buenos Aires : Colihue, 2013
Series:Libros del malabarista
Materias:
Etiquetas: Agregar Etiqueta
Sin Etiquetas, Sea el primero en etiquetar este registro!
LEADER 01818nam a22003015a 4500
001 CEM.cems015569
005 20191213172225.0
008 130507s2013##################000#0#####d
003 CEMS
020 |a 9789876849203 
082 0 4 |a A868.4 
100 1 |a Tallón, José Sebastián 
245 1 0 |a Las torres de nuremberg /  |c José Sebastián Tallón ; ilustrado Por Víctor Viano 
260 |a Buenos Aires :  |b Colihue,  |c 2013 
300 |a 96 p. 
490 0 |a Libros del malabarista 
505 0 |a La ciudad de Nuremberg -- Los viejecitos de Nuremberg -- La torre de los sueños -- Don regalo -- La trsiteza de los sueños y el gato cascabel -- La madre de los pájarps -- El sapito Glo Glo Glo -- Adivinanza -- Rapatoncipitopo -- Canción del gallito equivocado -- La cápsula de fusil -- Resurrección de Caperucita Roja -- Cuento de Pupa y Mimé -- La vaquita Clarabelle -- El avaro, el lagarto y el sol -- El enanito que voló en la espada -- Duérmete, grillito -- ¿Dónde está el duende burlón? -- La gota de agua -- Historia de un camino -- La nena pobre -- ¿Dónde mueren los pájaros? -- Canción de la lluvia en el paraguas -- Una vez había un tesoro -- Cuento del pan y del agua -- Canción del niño que vuela -- La alcancía y el cántaro -- Canción de las preguntas -- Lagunita del campo -- El nudo -- El sueño --La arañita -- Vacaciones --Canción del carozo de durazno - Elogio de la muñeca de trapo 
653 |a Literatura 
653 |a Literatura argentina 
653 |a Literatura infantil 
653 |a Cuentos infantiles 
653 |a Colección ciencias de la educación 
653 |a Poesía 
653 |a Poesía infantil 
653 |a Adivinanzas 
653 |a Canciones 
700 1 |a Viano, Víctor; il. 
859 |a CEMS  |b BIB. CEMS - Ccias. Educacion  |h A868.4  |i T149-3  |k CE  |p 29014.19  |t Ej.1